Statistiques concernant Drapeaux vers Capitales #2

Cliquez ici pour prendre le quiz!

Statistiques générales

  • Ce quiz a été pris 155 fois
  • Le résultat moyen est 14 sur 20

Statistiques - réponses

Réponse% Correct
Rome
100%
Londres
99%
Tokyo
99%
Bruxelles
97%
Stockholm
93%
Tunis
84%
Wellington
74%
La Havane
72%
Pyongyang
70%
Sarajevo
70%
Kinshasa
65%
Nairobi
64%
Téhéran
63%
Katmandou
59%
Taïpei
59%
Quito
58%
Astana
57%
Dacca
55%
Tripoli
54%
Suva
36%

Distribution des résultats

Percentile par nombre de réponses

% des personnes avec chaque résultat

Votre développement - résultats

Vous n’avez pas pris ce quiz